Statistics for Cities of Lithuania

Click here to take the quiz!

General Stats

  • This quiz has been taken 449 times
  • The average score is 38 of 103

Answer Stats

#CityPopulation in 2018% Correct
1Vilnius536,631
99%
2Kaunas288,363
97%
3Klaipėda148,908
97%
4Šiauliai100,575
84%
7Marijampolė35,692
78%
5Panevėžys88,678
78%
6Alytus51,534
77%
19Palanga15,381
75%
13Tauragė22,002
66%
22Druskininkai12,441
65%
12Telšiai22,039
65%
10Utena25,869
65%
8Mažeikiai33,291
61%
9Jonava27,042
56%
18Šilutė15,419
56%
57Trakai4,295
56%
16Plungė17,296
53%
27Biržai10,561
52%
11Kėdainiai23,366
52%
23Rokiškis12,326
52%
14Ukmergė20,570
51%
50Ignalina5,049
50%
24Elektrėnai11,262
48%
17Kretinga17,274
48%
15Visaginas18,514
48%
68Birštonas2,380
47%
30Jurbarkas10,079
47%
21Gargždai13,877
45%
39Naujoji Akmenė7,465
44%
36Varėna8,195
44%
32Vilkaviškis9,855
44%
42Zarasai6,276
44%
41Pasvalys6,533
43%
40Šalčininkai6,607
43%
35Joniškis8,510
42%
46Molėtai5,587
42%
20Radviliškis15,275
42%
52Šilalė4,921
42%
33Anykščiai8,839
41%
61Neringa3,224
41%
31Raseiniai9,932
41%
67Akmenė2,395
40%
44Kazlų Rūda5,834
40%
37Kelmė7,897
40%
34Prienai8,610
40%
43Kupiškis6,145
39%
60Lazdijai3,740
38%
29Garliava10,113
36%
48Skuodas5,417
36%
49Šakiai5,153
35%
63Rietavas3,200
34%
58Švenčionys4,262
34%
56Pakruojis4,444
33%
38Kaišiadorys7,642
32%
25Kuršėnai10,916
31%
55Vievis4,522
31%
59Kalvarija3,938
30%
76Pagėgiai1,577
30%
54Nemenčinė4,614
28%
65Ariogala2,759
26%
103Panemunė217
26%
45Širvintos5,690
26%
51Švenčionėliai4,978
26%
28Lentvaris10,152
25%
47Pabradė5,452
25%
88Jieznas1,032
24%
69Venta2,223
24%
62Žiežmariai3,215
24%
53Kybartai4,649
23%
71Tytuvėnai1,926
23%
72Vilkija1,906
23%
64Eišiškės3,113
22%
87Joniškėlis1,048
22%
77Kudirkos Naumiestis1,513
22%
66Šeduva2,525
22%
101Smalininkai454
22%
99Dusetos556
20%
26Grigiškės10,641
20%
78Skaudvilė1,464
20%
79Ramygala1,425
19%
86Baltoji Vokė1,051
18%
82Linkuva1,311
18%
70Rūdiškės2,046
18%
81Salantai1,368
18%
91Seda963
18%
80Žagarė1,383
18%
95Obeliai857
17%
83Simnas1,295
17%
98Užventis646
17%
89Varniai1,006
17%
96Dūkštas797
16%
85Veisiejai1,216
16%
97Pandėlys739
15%
90Daugai992
14%
74Ežerėlis1,643
14%
75Gelgaudiškis1,611
14%
84Priekulė1,251
14%
102Troškūnai373
14%
93Vabalninkas891
14%
100Kavarskas552
13%
73Viekšniai1,650
13%
94Virbalis882
11%
92Subačius909
8%

Score Distribution

Percentile by Number Answered

Percent of People with Each Score

Your Score History

You have not taken this quiz